Responses for show #4564 - Thursday, June 10, 2004

Ken Jennings game 7.

Contestants

[<< previous game]

Laura Adomunas, a pharmacist from Sayreville, New Jersey

Susan Gress, a marina operator from Portland, Oregon

Ken Jennings, a software engineer from Salt Lake City, Utah (whose 6-day cash winnings total $181,000)

[next game >>]

Jeopardy! Round responses

THE BROOKLYN BRIDGE
CLIFF NOTES
VERB FIRST NAMES
"C"OUNTRIES
YOU'RE 21 TODAY
WOULD YOU LIKE A BEVERAGE?
    $200 26
the East River

Laura
    $200 1
Pinocchio

Ken
    $200 12
Nick

Ken
    $200 6
Cambodia

Ken
    $200 21
blackjack

Ken
    $200 11
punch

Ken
    $400 27
steel

Ken
    $400 2
Bill Cosby

Laura
    $400 13
Bill

Ken
    $400 7
Croatia

Laura
    $400 22
George [Harrison]

Ken
    $400 17
Yoo-Hoo

Laura
    $600 28
P.T. Barnum

Ken
    $600 3
Charlie Weaver

Laura
    $600 14
Grant

Ken
    $600 8
Costa Rica

Laura
    $600 23
to repeal it

Ken
    $600 18
(Susan: What is chocolate?)
(Ken: What is coffee?)

beer

KenSusan
Triple Stumper
    $800 29
George & Martha Washington

Ken
    $800 4
Cliff Robertson

Ken
    $800 15
Pat

Ken
    $2,000 9
Colombia

Laura
    $800 24
Ellis Island

Ken
    $800 19
malted milk

Triple Stumper
    $1000 30
Kate & Leopold

Triple Stumper
    $1000 5
Cliff Clavin

Ken
    $1000 16
Chip

Ken
    $1000 10
(Susan: What is the Democratic Republic of the Congo?)

Chad

Susan
Triple Stumper
    $1000 25
Vatican II

Ken
    $1000 20
mineral water

Susan

Scores at the first commercial break (after clue 16):

Ken Susan Laura
$5,400 -$1,000 $4,000

Scores at the end of the Jeopardy! Round:

Ken Susan Laura
$9,600 -$600 $4,600

Double Jeopardy! Round responses

THE MIND
THEY ALL PLAYED COUNTRY SINGERS
JUNE BUGGED
OBSERVATIONS & CELEBRATIONS
PULITZER PRIZES
A RUNNING "TAB"
    $400 1
verbal

Ken
    $400 6
Patsy Cline

Ken
    $400 11
(Ken: What is surrender?)
(Laura: What is go into exile?)

abdicate

KenLaura
Triple Stumper
    $400 12
cash

Ken
    $400 21
Boston

Laura
    $400 26
a tabby

Ken
    $800 2
alcohol

Ken
    $800 7
Tammy Wynette

Ken
    $800 13
celibacy

Ken
    $800 17
(Susan: What is Passover?)

Hanukkah

KenSusan
    $800 22
Sinclair Lewis

Ken
    $800 27
tabloid journalism

Ken
    $1200 3
lobe

Ken
    $1200 8
Rip Torn

Ken
    $1200 14
Allen Iverson

Ken
    $1200 18
birthday

Ken
    $1200 23
General Pershing

Ken
    $1200 28
tabbouleh

Ken
    $1600 4
a learning curve

Ken
    $1600 9
Robert Duvall

Laura
    $1600 15
Claus von Bulow

Ken
    $1600 19
his enlightenment

Ken
    $1600 24
Appalachian Spring

Ken
    $1600 29
tabulate

Laura
    $1,400 5
photographic memory

Ken
    $2000 10
Maureen McCormick

Laura
    $4,000 16
Sarajevo

Ken
    $2000 20
Guy Fawkes

Ken
    $2000 25
Wit

Ken
    $2000 30
a tabernacle

Ken

Scores at the end of the Double Jeopardy! Round:

Ken Susan Laura
$40,600 -$1,400 $9,800
(lock game)

[wagering suggestions for these scores]

Final Jeopardy! Round responses

ENTERTAINMENT
LauraWho is ?
$9,800
KenWho is Spongebob Squarepants?
$9,400
SpongeBob SquarePants

Final scores:

Ken Susan Laura
$50,000 -$1,400 $0
7-day champion: $231,000 3rd place: $1,000 2nd place: $2,000

Game dynamics:

Coryat scores:

Ken Susan Laura
$39,200 -$1,400 $8,600
43 R
(including 2 DDs),
2 W
1 R,
3 W
11 R
(including 1 DD),
1 W

Combined Coryat: $46,400

The J! Archive is created by fans, for fans. The Jeopardy! game show and all elements thereof, including but not limited to copyright and trademark thereto, are the property of Jeopardy Productions, Inc. and are protected under law. This website is not affiliated with, sponsored by, or operated by Jeopardy Productions, Inc. Join the discussion at JBoard.tv.